Debacle to Revival: Y B Chavan As Defence Minister 1962-1965 (Record no. 220920)
[ view plain ]
| 000 -LEADER | |
|---|---|
| fixed length control field | 01121nam a22002297a 4500 |
| 005 - DATE AND TIME OF LATEST TRANSACTION | |
| control field | 20211210152713.0 |
| 008 - FIXED-LENGTH DATA ELEMENTS--GENERAL INFORMATION | |
| fixed length control field | 211210b ||||| |||| 00| 0 eng d |
| 020 ## - INTERNATIONAL STANDARD BOOK NUMBER | |
| International Standard Book Number | 8125014772 |
| 040 ## - CATALOGING SOURCE | |
| Transcribing agency | AL |
| 041 ## - LANGUAGE CODE | |
| Language code of text/sound track or separate title | eng |
| 082 ## - DEWEY DECIMAL CLASSIFICATION NUMBER | |
| Edition number | 23 |
| Classification number | 355.01 |
| Item number | PRAD |
| 100 ## - MAIN ENTRY--PERSONAL NAME | |
| Personal name | R D Pradhan |
| 100 ## - MAIN ENTRY--PERSONAL NAME | |
| 9 (RLIN) | 11476 |
| 245 ## - TITLE STATEMENT | |
| Title | Debacle to Revival: Y B Chavan As Defence Minister 1962-1965 |
| 260 ## - PUBLICATION, DISTRIBUTION, ETC. | |
| Place of publication, distribution, etc. | New Dlhi |
| Name of publisher, distributor, etc. | Orient Longman |
| Date of publication, distribution, etc. | 1999 |
| 300 ## - PHYSICAL DESCRIPTION | |
| Extent | xii,316 p. |
| Other physical details | HB |
| Dimensions | 22x15 cm. |
| 365 ## - TRADE PRICE | |
| Price amount | 350.00 |
| Currency code | ₹ |
| Unit of pricing | 350.00 |
| 520 ## - SUMMARY, ETC. | |
| Summary, etc. | Interweaving Personal Memories, Chronicling Historical Events, R.D. Pradhan S Book Is An Affectionate And Insightful Recollection Of His Experiences Of Working As Private Secretary To The Defence Minister Y B Chavan From 1962 To 1965. The Events In This Book Happened Over Three Decades Ago. More Than Thirty-Five Years Later, This Book Lifts The Veil On A Critical Period In The Nation S History And Also Sheds Light On The Many Inside Events Which Have Remained Unknown To Date.<br/> |
| 650 ## - SUBJECT ADDED ENTRY--TOPICAL TERM | |
| Topical term or geographic name entry element | Military Policy |
| 9 (RLIN) | 11477 |
| 650 ## - SUBJECT ADDED ENTRY--TOPICAL TERM | |
| Topical term or geographic name entry element | National Security |
| 9 (RLIN) | 11478 |
| 650 ## - SUBJECT ADDED ENTRY--TOPICAL TERM | |
| Topical term or geographic name entry element | Ministry of Defence |
| 9 (RLIN) | 11479 |
| 942 ## - ADDED ENTRY ELEMENTS (KOHA) | |
| Source of classification or shelving scheme | Dewey Decimal Classification |
| Koha item type | George Fernandes Collections |
| Withdrawn status | Lost status | Source of classification or shelving scheme | Damaged status | Not for loan | Collection code | Home library | Current library | Date acquired | Total Checkouts | Full call number | Barcode | Date last seen | Price effective from | Koha item type |
|---|---|---|---|---|---|---|---|---|---|---|---|---|---|---|
| Dewey Decimal Classification | Political Science | St Aloysius Library | St Aloysius Library | 03/24/2013 | 355.01 PRAD | GF00470 | 12/10/2021 | 12/10/2021 | George Fernandes Collections |